| 000 | 00654cam a22002293a 4500 | ||
|---|---|---|---|
| 001 | 32102 | ||
| 003 | PGUSA | ||
| 005 | 20140828083708.0 | ||
| 008 | 100423s2010||||xxu|||||s|||||000 1 eng d | ||
| 040 |
_aPGUSA _beng |
||
| 042 | _adc | ||
| 050 | 4 | _aPR | |
| 100 | 1 | _aStrang, Herbert | |
| 245 | 1 | 0 |
_aBarclay of the Guides _h[electronic resource] / _cHerbert Strang |
| 260 |
_bProject Gutenberg, _c2010 |
||
| 506 | _aPublic domain in the USA. | ||
| 516 | _aElectronic text | ||
| 653 | _aIndia -- History -- Sepoy Rebellion, 1857-1858 -- Fiction | ||
| 830 | 0 |
_aProject Gutenberg _v32102 |
|
| 856 | 4 | 0 | _uhttp://www.gutenberg.org/ebooks/32102 |
| 942 | _cEB | ||
| 999 |
_c261357 _d261357 |
||